000 00550nam a22001817a 4500
005 20251108164812.0
008 250721s1977 xx 000 0 ara d
082 1 4 _a852.6/جول
100 1 _aجولدوني، كارلو
245 1 0 _aخادم سيدين /
264 1 _aالكويت :
_bوزارة الإعلام،
_c1977.
300 _a166ص.
490 0 _aسلسلة من المسرح العالمي ؛96
650 1 7 _aالمسرحيات الإيطالية
700 1 _aأردش، سعد
_eترجمة
942 _2ddc
_cBK
999 _c14735
_d14735